Jubileum najvýznamnejšej slovenskej inštitúcie
Pred 55 rokmi v júli 1942 vznikla na základe rozhodnutia Slovenského snemu Slovenská akadémia vied a umení. Kontexty vzniku a existencie Slovenskej akadémie vied. Historický prehľad udalostí a najvýznamnejšie medzníky tejto vedeckej inštitúcie. Súčasný stav SAV, pôsobenie vedeckých pracovísk a akade...
Salvato in:
| Autore principale: | |
|---|---|
| Natura: | Capitolo di libro |
| Lingua: | slovacco |
| Soggetti: | |
| Tags: |
Nessun Tag, puoi essere il primo ad aggiungerne!!
|
MARC
| LEADER | 00000naa a2200000 4500 | ||
|---|---|---|---|
| 001 | r027381 | ||
| 005 | 20230606082216.5 | ||
| 041 | 0 | |a slo | |
| 044 | |a SK | ||
| 245 | 1 | 0 | |a Jubileum najvýznamnejšej slovenskej inštitúcie |c F. Novosád |
| 520 | |a Pred 55 rokmi v júli 1942 vznikla na základe rozhodnutia Slovenského snemu Slovenská akadémia vied a umení. Kontexty vzniku a existencie Slovenskej akadémie vied. Historický prehľad udalostí a najvýznamnejšie medzníky tejto vedeckej inštitúcie. Súčasný stav SAV, pôsobenie vedeckých pracovísk a akademických ústavov. | ||
| 610 | 2 | 0 | |a SAV Bratislava |
| 610 | 2 | 0 | |a 1942-1997 |
| 610 | 2 | 0 | |a veda |
| 610 | 2 | 0 | |a kultúra |
| 610 | 2 | 0 | |a história |
| 610 | 2 | 0 | |a inštitúcia |
| 610 | 2 | 0 | |a Slovensko |
| 610 | 2 | 0 | |a ústavy vedecké |
| 100 | 1 | |a Novosád, František | |